00313nam a2200121Ia 4500008004100000020001500041041001200056100001900068245004900087260003100136300000800167650001600175221030s9999 xx 000 0 und d a9971513889 aEnglish aA. Silberchatz 0aOperating System Conceptscby A. Silberchatz bJohn WileyaNew Yorkc2002 a887 aBB Computer